[Event "Madrid-ch Previa A 2014-2015"]
[Site "Madrid ESP"]
[Date "2015.02.18"]
[Round "9.13"]
[White "Canseco Arenas, Alfonso"]
[Black "Jara Sanchez, Carlos"]
[Result "1-0"]
[WhiteElo "1733"]
[BlackElo "1621"]
[PlyCount "73"]
[EventDate "2015.02.02"]
[EventType "swiss"]
[EventRounds "9"]
[EventCountry "ESP"]
[Source "lmi"]
[SourceDate "2015.02.02"]

1. a3 e5 2. c4 Nf6 3. Nc3 Nc6 4. d3 d5 5. cxd5 Nxd5 6. Nf3 a5 7. e3 Bg4 8. Be2
g6 9. h3 Be6 10. O-O Bg7 11. Bd2 O-O 12. Nb5 f5 13. Nc3 f4 14. Nxd5 Bxd5 15.
Bc3 Qe7 16. Qa4 h5 17. Rfe1 fxe3 18. fxe3 Bxf3 19. Bxf3 Qc5 20. Qb3+ Kh7 21.
Qxb7 Ne7 22. d4 exd4 23. exd4 Bxd4+ 24. Bxd4 Qxd4+ 25. Kh1 Rf7 26. Qxc7 Re8 27.
Qxa5 Qxb2 28. Rab1 Qf6 29. Qb5 Ref8 30. Qb7 Qa6 31. Qb4 Nf5 32. Bd5 Ng3+ 33.
Kh2 Nf1+ 34. Kg1 Qa7+ 35. Qb6 Qxb6+ 36. Rxb6 Rf5 37. Be4 1-0

[Event "Madrid-ch Previa A 2014-2015"]
[Site "Madrid ESP"]
[Date "2015.02.18"]
[Round "9.14"]
[White "Martin-Consuegra Barrilero, Ja"]
[Black "Dominguez Afonso, Ayraldo"]
[Result "1-0"]
[WhiteElo "1801"]
[BlackElo "1574"]
[PlyCount "113"]
[EventDate "2015.02.02"]
[EventType "swiss"]
[EventRounds "9"]
[EventCountry "ESP"]
[Source "lmi"]
[SourceDate "2015.02.02"]

1. d4 d5 2. Bf4 e6 3. e3 Bd6 4. Bg3 Nf6 5. Bd3 Nbd7 6. Nf3 Bxg3 7. hxg3 b6 8.
Nbd2 Bb7 9. Qe2 Qe7 10. c3 Qd6 11. O-O-O O-O-O 12. Ng5 Qe7 13. Ba6 h6 14. Ngf3
Kb8 15. Kb1 Ba8 16. Qb5 e5 17. dxe5 Nxe5 18. Nd4 c6 19. Qb3 Qc7 20. Be2 Rhe8
21. c4 dxc4 22. Bxc4 Nxc4 23. Qxc4 Ne4 24. Nxe4 Rxe4 25. Qc3 f6 26. Rc1 c5 27.
f3 Re7 28. Nf5 Red7 29. e4 Rd2 30. Rc2 R8d3 31. Qxd2 Rxd2 32. Rxd2 Bc6 33. Nd6
Qe7 34. g4 b5 35. Rhd1 Kc7 36. Nf5 Qf8 37. Rd8 Qf7 38. Ne3 c4 39. R1d6 Qe7 40.
Nf5 Qf7 41. Kc2 b4 42. Nd4 Ba4+ 43. Kc1 g6 44. Ne6+ Kb7 45. Nc5+ Kc7 46. Nxa4
Qe7 47. R8d7+ Qxd7 48. Rxd7+ Kxd7 49. Kd2 Kc6 50. Ke3 Kb5 51. b3 c3 52. Kd3 g5
53. g3 Kc6 54. Nxc3 bxc3 55. Kxc3 Kc5 56. a3 Kb5 57. Kd4 1-0

[Event "Madrid-ch Previa A 2014-2015"]
[Site "Madrid ESP"]
[Date "2015.02.18"]
[Round "9.15"]
[White "Villodre Miranda, Juan Alonso"]
[Black "Vaquerizo Calvo, Miguel A"]
[Result "1-0"]
[WhiteElo "1683"]
[BlackElo "1844"]
[PlyCount "49"]
[EventDate "2015.02.02"]
[EventType "swiss"]
[EventRounds "9"]
[EventCountry "ESP"]
[Source "lmi"]
[SourceDate "2015.02.02"]

1. c4 e6 2. Nc3 d5 3. cxd5 exd5 4. d4 Nf6 5. e3 c6 6. g3 Bf5 7. Bg2 Bb4 8. Nge2
O-O 9. O-O Qc8 10. Qb3 Bd6 11. f3 Re8 12. Bd2 Nbd7 13. Rac1 Nb6 14. g4 Bg6 15.
g5 Nfd7 16. e4 dxe4 17. fxe4 Qb8 18. Bf4 Bxf4 19. Nxf4 Re7 20. Nxg6 hxg6 21.
Rf2 Qe8 22. Rcf1 a5 23. a4 Rb8 24. e5 Nd5 25. Bxd5 1-0

[Event "Madrid-ch Previa A 2014-2015"]
[Site "Madrid ESP"]
[Date "2015.02.18"]
[Round "9.16"]
[White "Hernandez Garcia, Carlos"]
[Black "Beekhof Harmsen, Willen"]
[Result "1-0"]
[WhiteElo "1838"]
[BlackElo "1654"]
[PlyCount "57"]
[EventDate "2015.02.02"]
[EventType "swiss"]
[EventRounds "9"]
[EventCountry "ESP"]
[Source "lmi"]
[SourceDate "2015.02.02"]

1. e4 d6 2. d4 g6 3. Bc4 Bg7 4. Nf3 c6 5. O-O b5 6. Bb3 Nd7 7. Ng5 Nh6 8. Bxf7+
Nxf7 9. Ne6 Qb6 10. Nxg7+ Kf8 11. Ne6+ Kg8 12. d5 Nf6 13. Be3 Qb7 14. dxc6 Qxc6
15. Ng5 h6 16. Nxf7 Kxf7 17. c3 Bb7 18. Nd2 e5 19. Rc1 a5 20. c4 b4 21. c5 d5
22. exd5 Nxd5 23. Nc4 Rhe8 24. Re1 Nf4 25. f3 Rad8 26. Nxe5+ Rxe5 27. Qxd8 Nh3+
28. gxh3 Qxf3 29. Qc7+ 1-0

[Event "Madrid-ch Previa A 2014-2015"]
[Site "Madrid ESP"]
[Date "2015.02.18"]
[Round "9.17"]
[White "Garcia Carbonell, Francisco"]
[Black "Martinez Miura, Enrique"]
[Result "0-1"]
[WhiteElo "1658"]
[BlackElo "1732"]
[PlyCount "38"]
[EventDate "2015.02.02"]
[EventType "swiss"]
[EventRounds "9"]
[EventCountry "ESP"]
[Source "lmi"]
[SourceDate "2015.02.02"]

1. e4 e6 2. d4 d5 3. e5 c5 4. c3 cxd4 5. cxd4 Ne7 6. a3 Nec6 7. Nc3 Be7 8. Nf3
O-O 9. Bd3 a6 10. O-O Nd7 11. Re1 f6 12. Bf4 fxe5 13. Bxe5 Ndxe5 14. Nxe5 Nxe5
15. Rxe5 Bf6 16. Qh5 g6 17. Bxg6 hxg6 18. Qxg6+ Bg7 19. Rg5 Qf6 0-1

[Event "Madrid-ch Previa A 2014-2015"]
[Site "Madrid ESP"]
[Date "2015.02.18"]
[Round "9.18"]
[White "Rodriguez Bachiller, Luis"]
[Black "Jarne Anguita, Miguel"]
[Result "1-0"]
[WhiteElo "1714"]
[BlackElo "1431"]
[PlyCount "77"]
[EventDate "2015.02.02"]
[EventType "swiss"]
[EventRounds "9"]
[EventCountry "ESP"]
[Source "lmi"]
[SourceDate "2015.02.02"]

1. g3 d5 2. c4 e6 3. Bg2 Nf6 4. a3 b6 5. Nf3 Nbd7 6. O-O Bb7 7. b3 Bd6 8. Nc3
O-O 9. d4 c5 10. e3 Qc7 11. Nb5 Qc6 12. Bb2 a6 13. Nxd6 Qxd6 14. Ne5 Qc7 15.
Nxd7 Nxd7 16. cxd5 Bxd5 17. Bxd5 exd5 18. Rc1 Qb7 19. Qc2 Rac8 20. Qd3 Nf6 21.
dxc5 Rxc5 22. Rxc5 bxc5 23. Bxf6 gxf6 24. Qf5 Qc6 25. Rd1 Rd8 26. Qg4+ Kh8 27.
Qh5 Kg7 28. e4 d4 29. Rc1 Rc8 30. e5 fxe5 31. Qxe5+ Kg8 32. b4 d3 33. bxc5 d2
34. Qg5+ Kf8 35. Qxd2 Qb5 36. h4 Kg8 37. Qg5+ Kf8 38. Qf6 Rxc5 39. Qd6+ 1-0

[Event "Madrid-ch Previa A 2014-2015"]
[Site "Madrid ESP"]
[Date "2015.02.18"]
[Round "9.19"]
[White "Lucia Carpintero, Oscar"]
[Black "Benitez Cadenas, Luis Miguel"]
[Result "1/2-1/2"]
[WhiteElo "1661"]
[BlackElo "1703"]
[PlyCount "48"]
[EventDate "2015.02.02"]
[EventType "swiss"]
[EventRounds "9"]
[EventCountry "ESP"]
[Source "lmi"]
[SourceDate "2015.02.02"]

1. d4 e6 2. Bf4 c5 3. c3 Qb6 4. Qb3 cxd4 5. Qxb6 axb6 6. cxd4 d5 7. Nc3 Bd7 8.
e3 Bb4 9. a3 Nf6 10. Rc1 Bxc3+ 11. Rxc3 O-O 12. Bd3 Na6 13. Nf3 Rfc8 14. Rxc8+
Rxc8 15. Kd2 b5 16. b4 Ne4+ 17. Bxe4 dxe4 18. Ne1 Nc7 19. Nc2 Nd5 20. Bg3 Nb6
21. Rc1 Nc4+ 22. Kd1 Nb2+ 23. Kd2 Nc4+ 24. Kd1 Nb2+ 1/2-1/2

[Event "Madrid-ch Previa A 2014-2015"]
[Site "Madrid ESP"]
[Date "2015.02.18"]
[Round "9.20"]
[White "Rufo Yebra, Benito"]
[Black "Suarez Mencia, Roberto"]
[Result "1-0"]
[WhiteElo "1484"]
[BlackElo "1489"]
[PlyCount "81"]
[EventDate "2015.02.02"]
[EventType "swiss"]
[EventRounds "9"]
[EventCountry "ESP"]
[Source "lmi"]
[SourceDate "2015.02.02"]

1. d4 Nf6 2. e3 g6 3. Nf3 Bg7 4. Bd2 d6 5. Bd3 Nbd7 6. Nc3 O-O 7. Ng5 e5 8. d5
Nc5 9. Bc4 e4 10. Nh3 Bxh3 11. gxh3 Qd7 12. Qe2 a6 13. a3 b5 14. Ba2 Rfb8 15.
b4 Na4 16. Rb1 Qxh3 17. Nxa4 bxa4 18. Bc3 Qg2 19. Kd2 Qf3 20. Rbg1 Qf5 21. h4
h5 22. Rg5 Qf3 23. Qf1 Bh6 24. Rh3 Ng4 25. Rxf3 Nh2 26. Qg2 Nxf3+ 27. Kd1 Bxg5
28. hxg5 a5 29. Qg3 h4 30. Qf4 Rf8 31. Qf6 Ne5 32. Bxe5 dxe5 33. Qxe5 Rfe8 34.
Qxc7 Rac8 35. Qf4 h3 36. d6 Rf8 37. Qxe4 Rcd8 38. Qf4 Kg7 39. Qf6+ Kh7 40. Bxf7
h2 41. Qxg6+ 1-0

[Event "Madrid-ch Previa A 2014-2015"]
[Site "Madrid ESP"]
[Date "2015.02.18"]
[Round "9.22"]
[White "Ramos Antona, Enrique"]
[Black "Jarne Ubieto, Francisco"]
[Result "1-0"]
[WhiteElo "1630"]
[BlackElo "1325"]
[PlyCount "92"]
[EventDate "2015.02.02"]
[EventType "swiss"]
[EventRounds "9"]
[EventCountry "ESP"]
[Source "lmi"]
[SourceDate "2015.02.02"]

1. d4 d5 2. c4 e6 3. Nc3 Nf6 4. Nf3 b6 5. Qa4+ Nbd7 6. Ne5 Be7 7. Nc6 O-O 8.
Nxd8 Rxd8 9. Qc6 Ba6 10. cxd5 Nf8 11. e3 Bxf1 12. Kxf1 exd5 13. f3 Ne6 14. Kf2
Rac8 15. Ne2 Rd6 16. Qa4 a5 17. Bd2 c5 18. Rhc1 Nd7 19. a3 Bf6 20. Rab1 Rb8 21.
Bc3 b5 22. Qxa5 Bd8 23. Qa7 Bb6 24. Qxb8+ Nxb8 25. dxc5 Bxc5 26. Be5 Rd8 27. b4
Bb6 28. Bxb8 Rxb8 29. Rc6 Bc7 30. g3 Be5 31. Rbc1 Rf8 32. Rc8 Bb2 33. Rxf8+
Nxf8 34. Rc5 Bxa3 35. Rxb5 d4 36. Nxd4 h6 37. Rb8 g6 38. b5 Kg7 39. Rd8 Bc5 40.
Ke2 g5 41. Kd3 Ng6 42. f4 gxf4 43. exf4 Nf8 44. Rd5 Bb6 45. Rd6 Ba7 46. b6 Bb8
1-0

[Event "Madrid-ch Previa A 2014-2015"]
[Site "Madrid ESP"]
[Date "2015.02.18"]
[Round "9.23"]
[White "Lopez Oneto, Manuel"]
[Black "Morona Calvo, Virgilio"]
[Result "1-0"]
[WhiteElo "1855"]
[BlackElo "1411"]
[PlyCount "57"]
[EventDate "2015.02.02"]
[EventType "swiss"]
[EventRounds "9"]
[EventCountry "ESP"]
[Source "lmi"]
[SourceDate "2015.02.02"]

1. e4 e5 2. Nf3 Nc6 3. Bb5 d6 4. O-O Nf6 5. Re1 Be7 6. h3 O-O 7. c3 Bd7 8. d4
a6 9. Ba4 Re8 10. Nbd2 h6 11. Nf1 Na7 12. Bb3 a5 13. dxe5 dxe5 14. Nxe5 Bd6 15.
Nxf7 Qe7 16. Nxd6+ Be6 17. Nxe8 Rxe8 18. Be3 b6 19. Ng3 Bxb3 20. Qxb3+ Kh8 21.
Rad1 Nc6 22. Qc2 Ne5 23. Qd2 Qe6 24. Qe2 Qxa2 25. Bd4 Ned7 26. Qd2 Qf7 27. Qf4
c5 28. Bxf6 Rf8 29. Qxh6+ 1-0